2011 Triennial Surveillance Review : External Study.

External study prepared by Stephen Pickford, former IMF/World Bank Executive Director for the United Kingdom and former Managing Director of International and Europe at H.M. Treasury and G-20 Finance Deputy, United Kingdom: Surveillance (both bilateral and multilateral) is a key instrument for the F...

Fuld beskrivelse

Bibliografiske detaljer
Institution som forfatter: International Monetary Fund
Format: Tidsskrift
Sprog:English
Udgivet: Washington, D.C. : International Monetary Fund, 2011.
Serier:Policy Papers; Policy Paper ; No. 2011/050
Fag:
Online adgang:Full text available on IMF
LEADER 01738cas a2200313 a 4500
001 AALejournalIMF020065
008 230101c9999 xx r poo 0 0eng d
020 |c 5.00 USD 
020 |z 9781498338684 
022 |a 2663-3493 
040 |a BD-DhAAL  |c BD-DhAAL 
110 2 |a International Monetary Fund. 
245 1 0 |a 2011 Triennial Surveillance Review :   |b External Study. 
264 1 |a Washington, D.C. :  |b International Monetary Fund,  |c 2011. 
300 |a 1 online resource (20 pages) 
490 1 |a Policy Papers 
500 |a <strong>Off-Campus Access:</strong> No User ID or Password Required 
500 |a <strong>On-Campus Access:</strong> No User ID or Password Required 
506 |a Electronic access restricted to authorized BRAC University faculty, staff and students 
520 3 |a External study prepared by Stephen Pickford, former IMF/World Bank Executive Director for the United Kingdom and former Managing Director of International and Europe at H.M. Treasury and G-20 Finance Deputy, United Kingdom: Surveillance (both bilateral and multilateral) is a key instrument for the Fund's crisis prevention role, analyzing economic developments and policies at national, regional and global levels. It also identifies risks and vulnerabilities, and forms the main basis for the Fund's discussions with policy-makers. 
538 |a Mode of access: Internet 
650 7 |a Country  |2 imf 
650 7 |a Fund  |2 imf 
650 7 |a Policy  |2 imf 
650 7 |a PP  |2 imf 
650 7 |a Product  |2 imf 
651 7 |a Afghanistan, Islamic Republic of  |2 imf 
830 0 |a Policy Papers; Policy Paper ;  |v No. 2011/050 
856 4 0 |z Full text available on IMF  |u http://elibrary.imf.org/view/journals/007/2011/050/007.2011.issue-050-en.xml  |z IMF e-Library